000 00457nam a2200157Ia 4500
005 20250612031327.0
008 240331s9999 xx 000 0 und d
020 _a9789556770773
082 _bPAT
_a321
100 _aPathirana,M
245 0 _aWeikileaks Horava
260 _aColombo
_bFast Publishing ( Private) Limited
_c2011
300 _a426 p .,
500 _aThe fall of neoliberal hegemony and the rise Asia as a postmodern turning point
942 _cL
999 _c5829
_d5829